| 000 | 00837nam a22001697a 4500 | ||
|---|---|---|---|
| 003 | OSt | ||
| 005 | 20250911140126.0 | ||
| 008 | 250911b |||||||| |||| 00| 0 eng d | ||
| 040 | _cDCL | ||
| 082 | _a၂၉၄.၃၈၂၄ | ||
| 100 | 0 |
_aကျော်ထွတ်၊ _cဦး၊ ဆရာကြီး- |
|
| 245 | 1 | 0 |
_aသဒ္ဓမ္မဇောတိက ပဋိစ္စသမုပ္ပါဒ် / _cဆရာကြီး ဦးကျော်ထွတ်။ |
| 260 |
_aရန်ကုန် ၊ _bသာသနာတော်ထွန်းကားပြန့်ပွားရေးဦးစီးဌာန၊ _c၂၀၀၂။ |
||
| 300 |
_aဩ၊ ၁၇၆ စာမျက်နှာ ၊ _c၂၁ စင်တီ။ |
||
| 650 | _aပဋိစ္စသမုပ္ပါဒ် | ||
| 942 |
_2ddc _cLONG TERM _n0 |
||
| 999 |
_c2218 _d2218 |
||